00490nam a22001697a 450000500170000001000150001702000110003203500140004303700130005708200210007010000270009124500620011826000460018027000700022630000210029670000030031720250131114954.0 aENG-143676 c600.00 aEN-127208 bDBAD/PUB a363.73874095421 aSulagna chattopadhyay  aClimate Change in India/cSulagna Chattopadhyay hEnglish aIRIS PublicationbIRIS publication c2014 a707, Bhikaji cama Bhawan, Bhikaji Cama Place,bNew Delhi e110066 a424p;c23CM(pbk)